000 00242nam a2200109Ia 4500
999 _c8028
_d8028
020 _a978-0130914293
100 _aWilliam Stallings
245 0 _aCryptography and Network Security
260 _aIndia
_bAJA
_c1990
300 _a853
942 _cBK